Earth in upheaval (Record no. 32118)

MARC details
000 -LEADER
fixed length control field 00298nam a2200121Ia 4500
082 ## - DEWEY DECIMAL CLASSIFICATION NUMBER
Classification number 055
Item number VEL
100 ## - MAIN ENTRY--AUTHOR NAME
Personal name VELIKOVSKV, Immanuel
245 #0 - TITLE STATEMENT
Title Earth in upheaval
260 ## - PUBLICATION, DISTRIBUTION, ETC. (IMPRINT)
Place of publication New York
Name of publisher Pocket Books
Year of publication 1955
650 ## - SUBJECT ADDED ENTRY--TOPICAL TERM
Topical Term Earth science
942 ## - ADDED ENTRY ELEMENTS (KOHA)
Koha item type Books
Holdings
Withdrawn status Lost status Damaged status Not for loan Home library Current library Date acquired Full call number Accession Number Koha item type
        RRII Library RRII Library 16/12/2021 055 VEL 12642 Books